Top 20 States With the Most Amish - Statistics

General Stats
  • This quiz has been taken 39 times
  • The average score is 16 of 20
Answer Stats
Hint Answer % Correct
9,280 Illinois
94%
86,325 Ohio
91%
67,310 Indiana
88%
20,090 Michigan
88%
25,220 New York
88%
95,410 Pennsylvania
88%
900 West Virginia
85%
27,535 Wisconsin
85%
10,965 Iowa
82%
16,720 Kentucky
82%
18,465 Missouri
82%
2,335 Virginia
82%
2,045 Delaware
76%
4,270 Tennessee
76%
2,880 Kansas
73%
2,095 Maryland
73%
5,715 Minnesota
73%
1,310 Maine
70%
1,495 Montana
64%
970 Colorado
52%
No matching quizzes found
Score Distribution
Percent of People with Each Score
Percentile by Number Answered
Your Score History
You have not taken this quiz